000 03939namaa22004211i 4500
003 OSt
005 20260423115234.0
008 250827s2024 ua a|||frm||| 000 0 eng d
040 _aEG-GICUC
_bara
_cEG-GICUC
_dEG-GICUC
_erda
041 0 _aara
_bara
_beng
049 _aإيداع
082 0 4 _a155.5
092 _a155.5
_221
097 _aمــــاجستير
099 _aCai01.23.04.M.Sc.2024.شي.أ
100 0 _a،شيماء مجدي عبداللطيف محمود شومان
_eإعداد.
245 1 0 _aأساليب التنشئة الاجتماعية في الأسرة النووية والأسرة الممتدة وعلاقتها بالذكاء الوجداني لدي المراهقين /
_b
_cإعداد شيماء مجدي عبداللطيف محمود شومان؛ إشراف أ.د/ سميرة علي جعفر أبو غزالة، أ.م.د/ ابراهيم محمد سعد.
246 1 5 _aSocialization style in nuclear and extended family and relationship emotional intelligence of adolescents /
264 0 _c2024.
300 _a137 صفحة :
_bإيضاحيات ؛
_c25 سم. +
_eCD.
336 _atext
_2rda content
337 _aUnmediated
_2rdamedia
338 _avolume
_2rdacarrier
502 _aأطروحة (ماجستير)-جامعة القاهرة، 2024.
504 _aببليوجرافيا: صفحات 109-117.
520 _aيهدف البحث الحالي إلى الكشف عن أساليب التنشئة الاجتماعية في الأسرة النووية والأسرة الممتدة وعلاقتها بالذكاء الوجداني لدى المراهقين.أدوات البحث:-1 مقياس العلاقة بين الوالدين والمراهق إعداد )أن- رو وسيجلمان، (1929، ترجمة الباحثة. -2 مقياس الذكاء الوجداني للمراهقين إعداد الباحثة.عينة البحث:شملت عينة الدراسة (512) طالب وطالبة 255) من الذكور – 255 من الإناث( من المراهقين بالمرحلة الثانوية بمحافظة الدقهلية.
520 _aThe present study aims to reveal the methods of socialization in the nuclear family and the extended family and their relationship to adolescent emotional intelligence. The study sample consisted of 510 students (255 males - 255 females) in the secondary level of the Dakahlia governorate aged 16 - 19 on average (16.7) and standard deviation (1.95).The researcher used a measure of socialization methods (Roe & Sigelman, 1979) to translate the researcher, and a measure of adolescent emotional intelligence (researcher's preparation).The results of the study found: a lack of a statistical function between socialization methods in the extended family and emotional intelligence, a statistical function between socialization methods in the nuclear family and conscientious intelligence, and statistical differences in adolescents' emotional intelligence in the nuclear family and extended family for adolescents living in the extended family.
530 _aصدر أيضًا كقرص مدمج.
546 _aالنص بالعربية والملخص باللغة الإنجليزية والعربية.
650 7 _aعلم نفس المراهقين
_2qrmak
653 0 _aالتنشئة الاجتماعية
_aالأسرة النووية
_aالأسرة الممتدة
700 0 _aسميرة علي جعفر أبو غزالة
_eمشرف أطروحة.
700 0 _aابراهيم محمد سعد
_eمشرف أطروحة.
900 _b01-01-2024
_cسميرة علي جعفر أبو غزالة
_cابراهيم محمد سعد
_dمحمد السيد بخيت
_dمنال عبد النعيم محمد
_Uجامعة القاهرة
_Fكلية الدراسات العليا للتربية
_Dقسم علم النفس الإرشادي
905 _aSara
942 _2ddc
_cTH
_e21
_n0
999 _c179698